<?xml version="1.0" encoding="UTF-8"?>
<collection xmlns:xsi="http://www.w3.org/2001/XMLSchema-instance" xsi:schemaLocation="http://www.loc.gov/MARC21/slim http://www.loc.gov/standards/marcxml/schema/MARC21slim.xsd" xmlns="http://www.loc.gov/MARC21/slim">
 <record>
  <leader>00000cam a22000003i 4500</leader>
  <controlfield tag="001">UP-1685594773862035751</controlfield>
  <controlfield tag="003">Buklod</controlfield>
  <controlfield tag="005">20240502110657.0</controlfield>
  <controlfield tag="006">ta    rb   |||| u|</controlfield>
  <controlfield tag="007">ta</controlfield>
  <controlfield tag="008">160420s2014    xx a    rb   |||1 u|eng d</controlfield>
  <datafield tag="020" ind1=" " ind2=" ">
   <subfield code="a">9781446267219 (pbk)</subfield>
  </datafield>
  <datafield tag="035" ind1=" " ind2=" ">
   <subfield code="a">(iLib)UPBAG-00020407566</subfield>
  </datafield>
  <datafield tag="037" ind1=" " ind2=" ">
   <subfield code="a">GRC-3155</subfield>
   <subfield code="b">Megatexts</subfield>
   <subfield code="c">Php7,398</subfield>
   <subfield code="n">Prof. Bienvenido Marzan</subfield>
  </datafield>
  <datafield tag="040" ind1=" " ind2=" ">
   <subfield code="a">DLC</subfield>
   <subfield code="d">BAG</subfield>
   <subfield code="e">rda</subfield>
  </datafield>
  <datafield tag="041" ind1="0" ind2=" ">
   <subfield code="a">eng</subfield>
  </datafield>
  <datafield tag="090" ind1=" " ind2="0">
   <subfield code="a">HD 58.8</subfield>
   <subfield code="b">D38 2014</subfield>
  </datafield>
  <datafield tag="100" ind1="1" ind2=" ">
   <subfield code="a">Dawson, Patrick</subfield>
   <subfield code="e">author.</subfield>
  </datafield>
  <datafield tag="245" ind1="1" ind2="0">
   <subfield code="a">Managing change, creativity &amp; innovation</subfield>
   <subfield code="c">Patrick Dawson and Constantine Andriopoulos.</subfield>
  </datafield>
  <datafield tag="246" ind1="3" ind2=" ">
   <subfield code="a">Managing change, creativity and innovation.</subfield>
  </datafield>
  <datafield tag="250" ind1=" " ind2=" ">
   <subfield code="a">Second edition.</subfield>
  </datafield>
  <datafield tag="264" ind1=" " ind2="1">
   <subfield code="a">London</subfield>
   <subfield code="b">Sage Publications Ltd.</subfield>
   <subfield code="c">2014.</subfield>
  </datafield>
  <datafield tag="300" ind1=" " ind2=" ">
   <subfield code="a">xviii, 428 pages</subfield>
   <subfield code="b">illustrations</subfield>
   <subfield code="c">24 cm</subfield>
  </datafield>
  <datafield tag="500" ind1=" " ind2=" ">
   <subfield code="a">Previous edition: 2009. Constantine Andriopoulos's name appeared first on the title page.</subfield>
  </datafield>
  <datafield tag="504" ind1=" " ind2=" ">
   <subfield code="a">Includes bibliographical references and index.</subfield>
  </datafield>
  <datafield tag="505" ind1="0" ind2=" ">
   <subfield code="a">Part one. Setting the scene: the changing landscape of business organizations -- 1. Introduction -- 2. A historical overview of business practice and theory development -- 3. The process of change, creativity and innovation -- Part two. Change and innovation in organizations -- 4. Components of change: choice, communication and resistance -- 5. The change-continuity paradox: strategic dilemmas and theoretical concerns -- 6. Planning approaches to change and linear stage models -- 7. Process approaches to change and non-linear time -- Part three. Creativity, innovation and change in organizations -- 8. The individual: promoting critical thinking -- 9. The group: nurturing teamwork -- 10. The leader: promoting new ideas at work -- 11. The internal environment: orchestrating structure, systems and resources -- 12. Culture: enabling and constraining creative processes at work -- 13. Creative industries, innovative cities and changing worlds -- 14. Conclusion.</subfield>
  </datafield>
  <datafield tag="650" ind1=" " ind2="0">
   <subfield code="a">Organizational change</subfield>
   <subfield code="x">Management.</subfield>
  </datafield>
  <datafield tag="650" ind1=" " ind2="0">
   <subfield code="a">Organizational change</subfield>
   <subfield code="x">Management</subfield>
   <subfield code="v">Case studies.</subfield>
  </datafield>
  <datafield tag="650" ind1=" " ind2="0">
   <subfield code="a">Creative ability in business</subfield>
   <subfield code="x">Management.</subfield>
  </datafield>
  <datafield tag="650" ind1=" " ind2="0">
   <subfield code="a">Creative ability in business</subfield>
   <subfield code="x">Management</subfield>
   <subfield code="v">Case studies.</subfield>
  </datafield>
  <datafield tag="650" ind1=" " ind2="0">
   <subfield code="a">Organizational change</subfield>
   <subfield code="x">Management.</subfield>
  </datafield>
  <datafield tag="700" ind1="1" ind2=" ">
   <subfield code="a">Andriopoulos, Constantine</subfield>
   <subfield code="e">author.</subfield>
  </datafield>
  <datafield tag="905" ind1=" " ind2=" ">
   <subfield code="a">FO</subfield>
  </datafield>
  <datafield tag="852" ind1="0" ind2=" ">
   <subfield code="a">UPBAG</subfield>
   <subfield code="b">GRC</subfield>
   <subfield code="h">HD 58.8 D38 2014</subfield>
  </datafield>
  <datafield tag="942" ind1=" " ind2=" ">
   <subfield code="a">Book</subfield>
  </datafield>
 </record>
</collection>
